Classifica Marcatori Real Madrid All-Time - Statistics

Statistiche generali
  • Questo quiz è stato fatto 175 volte
  • Il punteggio medio è 6 su 10
Statistiche sulle risposte
Gol Nazione Calciatore % Corretto
450 Portogallo Cristiano Ronaldo
100%
354 Francia Karim Benzema
97%
323 Spagna Raúl
92%
308 Argentina / Spagna Alfredo di Stéfano
84%
242 Ungheria / Spagna Ferenc Puskás
77%
208 Messico Hugo Sánchez
50%
170 Spagna Emilio Butragueño
38%
183 Spagna Paco Gento
25%
290 Spagna Santillana
6%
171 Spagna Pirri
5%
Nessun quiz corrispondente trovato
Distribuzione punteggi
Percentuale di utenti per punteggio
Percentile per numero di risposta
I tuoi punteggi nel tempo
Non hai fatto questo quiz